[Event "Reykjavik Kvika op"]
[Site "Reykjavik"]
[Date "2022.04.12"]
[Round "9"]
[White "Gupta, Anand"]
[Black "Zysko, Jan"]
[Result "0-1"]
[WhiteElo "1543"]
[BlackElo "2110"]
[PlyCount "92"]
[EventDate "2022.04.06"]
[EventType "swiss"]
[EventRounds "9"]
[EventCountry "ISL"]
[SourceTitle "CBM 207 Extra"]
[Source "ChessBase"]
[SourceDate "2022.05.31"]
[SourceVersion "1"]
[SourceVersionDate "2022.05.31"]
[SourceQuality "1"]

1. d4 d6 2. c4 e5 3. dxe5 dxe5 4. Qxd8+ Kxd8 5. a3 Be6 6. e3 Nd7 7. Nf3 f6 8. Nbd2 a5 9. b3 Nc5 10. Bb2 c6 11. 0-0-0 Kc7 12. Kc2 Nh6 13. Bd3 Nf7 14. Bc3 Nxd3 15. Kxd3 Bxa3 16. Ra1 Bb4 17. Bxb4 axb4 18. Kc2 Nd6 19. Kb2 c5 20. Rhc1 e4 21. Ng1 g5 22. Ne2 f5 23. g4 Rxa1 24. Rxa1 h5 25. gxf5 Bxf5 26. Ng3 Bg6 27. Rg1 Rf8 28. Rf1 h4 29. Ne2 Bh5 30. Ng1 Bg4 31. f3 exf3 32. Ngxf3 Bh3 33. Rg1 g4 34. Nxh4 Rf2 35. Kc2 Ne4 36. Rd1 Rxh2 37. Kd3 Nf2+ 38. Ke2 Nxd1+ 39. Kxd1 g3 40. Nhf3 Bg4 41. Ke1 Bxf3 42. Nxf3 Rb2 43. e4 Rxb3 44. Ng5 g2 45. Kf2 g1Q+ 46. Kxg1 Rg3+ 0-1

[Event "Reykjavik Kvika op"]
[Site "Reykjavik"]
[Date "2022.04.06"]
[Round "1"]
[White "Gupta, Anand"]
[Black "Hartmann, Wolfgang"]
[Result "1/2-1/2"]
[WhiteElo "1543"]
[BlackElo "1927"]
[PlyCount "139"]
[EventDate "2022.04.06"]
[EventType "swiss"]
[EventRounds "9"]
[EventCountry "ISL"]
[SourceTitle "CBM 207 Extra"]
[Source "ChessBase"]
[SourceDate "2022.05.31"]
[SourceVersion "1"]
[SourceVersionDate "2022.05.31"]
[SourceQuality "1"]

1. d4 d5 2. c4 e6 3. Nf3 Nf6 4. Nc3 Be7 5. Bf4 0-0 6. e3 b6 7. cxd5 Nxd5 8. Nxd5 Qxd5 9. a3 c5 10. dxc5 Qxc5 11. Rc1 Qa5+ 12. Qd2 Qxd2+ 13. Nxd2 Ba6 14. Bxa6 Nxa6 15. b4 Rfd8 16. Ke2 f6 17. e4 e5 18. Be3 Rac8 19. Nb1 Kf7 20. Nc3 Nc7 21. Rhd1 Ke6 22. Rxd8 Rxd8 23. Rd1 Rxd1 24. Kxd1 g6 25. Kc2 Kd7 26. Kb3 Kc6 27. a4 a6 28. Kc4 b5+ 29. axb5+ axb5+ 30. Kb3 Bd6 31. g4 Be7 32. f3 Bd6 33. h3 Be7 34. Ne2 Bd6 35. h4 Be7 36. h5 g5 37. Ng3 Ne6 38. Nf5 Bf8 39. Kc3 Nc7 40. h6 Na6 41. Bc5 Nxc5 42. bxc5 Bxc5 43. Ng7 Kd7 44. Nh5 Ke6 45. Ng3 Kf7 46. Nf5 Kg6 47. Kb3 Bf8 48. Kc3 Bxh6 49. Kb4 Bf8+ 50. Kxb5 h5 51. Ng3 h4 52. Nh1 Kf7 53. Kc6 Ke6 54. Nf2 Bb4 55. Kc7 Be1 56. Nh1 Bd2 57. Nf2 Be3 58. Nh1 f5 59. Kc6 f4 60. Kc7 h3 61. Kc6 h2 62. Kc7 Bd4 63. Kc6 Bg1 64. Kc7 Ke7 65. Kc6 Ke6 66. Kc7 Ke7 67. Kc6 Be3 68. Kc7 Bd2 69. Nf2 Bb4 70. Nh1 1/2-1/2

[Event "Seattle Summer Classic 3rd"]
[Site "Seattle"]
[Date "2019.08.15"]
[Round "3"]
[White "Perez, Ignacio"]
[Black "Gupta, Anand"]
[Result "1-0"]
[WhiteElo "2048"]
[BlackElo "1525"]
[PlyCount "45"]
[EventDate "2019.08.14"]
[EventType "swiss"]
[EventRounds "9"]
[EventCountry "USA"]
[SourceTitle "EXT 2023"]
[Source "ChessBase"]
[SourceDate "2022.10.05"]
[SourceVersion "1"]
[SourceVersionDate "2022.10.05"]
[SourceQuality "1"]

1. d4 Nf6 2. Nf3 g6 3. c4 Bg7 4. Nc3 d5 5. h4 Bf5 6. h5 gxh5 7. Bf4 dxc4 8. e3 Nd5 9. Rxh5 Be6 10. Bh6 Nxc3 11. bxc3 Bxh6 12. Rxh6 b5 13. Rxe6 fxe6 14. Ne5 Qd5 15. Qh5+ Kd8 16. Be2 Rf8 17. Bf3 Rxf3 18. gxf3 Nd7 19. e4 Nf6 20. Qf7 Qb7 21. Qxe6 c5 22. dxc5 Nxe4 23. Rd1+ 1-0